Giant Word Ladder VI Quiz Stats

Quiz Updated Feb 6, 2015

Challenge
Share
Tweet
Embed
Score 0/58 Timer 08:00
4 Plays Today
Clue Word % Correct
5280 feetMILE
88.2%
Unable to speakMUTE
86.7%
A horse/donkey hybridMULE
86.1%
'Little ___ Sunshine'MISS
85.9%
A liver fluid for digestionBILE
82.8%
'Sierra ___': a lemon-lime sodaMIST
82%
There are 8 of these in a gallonPINT
80.4%
A place where coins are madeMINT
80.1%
Urban population areaCITY
80.1%
A relative of the beeWASP
78.3%
Compassion or sympathyPITY
77.1%
A life partnerMATE
76.5%
To insult, slangilyDISS
75.6%
A plateDISH
74.8%
Cherry stonesPITS
72.4%
A jinn can grant one or more of thisWISH
71.9%
Johnny-___-latelyCOME
71.7%
Profound unconscious stateCOMA
70.6%
To laveWASH
69.9%
To remove water from a boatBAIL
63.2%
A bird jawBILL
63.1%
A formal danceBALL
62.8%
'The ___ Runner'KITE
60.7%
Distance divided by timeRATE
60.1%
A large bookTOME
59.8%
Bivalve often used in chowdersCLAM
59.7%
A ceremonial practice of a churchRITE
57.9%
Muhammad Ali, originallyCLAY
57.1%
To carry aroundTOTE
55.6%
Clue Word % Correct
Concluding musical sectionCODA
55.5%
___ Neuf, bridge across the SeinePONT
54.4%
Make a sad facePOUT
53.9%
Buffalo Bill ___CODY
53.8%
A faster-than-light engine speedWARP
51.8%
Give upQUIT
51.7%
World's largest fragrance companyCOTY
51%
Disease with painful joint inflamation GOUT
50.9%
Name of 12 PopesPIUS
50.4%
French for eightHUIT
48.8%
Oil of ___OLAY
48.3%
A clever remarkQUIP
46.3%
A head, in ParisTETE
46.2%
A Spanish custardFLAN
45.2%
A sect of followers of the Dark SideSITH
44.5%
A son of Adam and EveSETH
44.1%
Like the 1970's David BowieGLAM
43.3%
SadGLUM
42.8%
An oversupplyGLUT
38.7%
An Irish pale lagerHARP
35.9%
Friends and neighborsKITH
35.2%
Suffering or anguishHURT
35.1%
The 9th Hebrew letterTETH
33.2%
Kukla, ___, and OllieFRAN
31.9%
Edible seed coats of cereal grainsBRAN
31.6%
Actor Conrad of 'Diff'rent Strokes'BAIN
30.9%
Heroine in 'The Good Earth'O-LAN
30.2%
Male version of a hindHART
28.4%
Google founder SergeyBRIN
27.4%

You're not logged in!

Compare scores with friends on all Sporcle quizzes.
Join for Free
OR
Log In

You Might Also Like...

Show Comments

Extras

Top Quizzes Today


Score Distribution

Your Account Isn't Verified!

In order to create a playlist on Sporcle, you need to verify the email address you used during registration. Go to your Sporcle Settings to finish the process.

Report this User

Report this user for behavior that violates our Community Guidelines.

Details: